Haunted - Beyoncé - All Lyrics - Statistics

General Stats
  • This quiz has been taken 77 times
  • The average score is 286 of 438
Answer Stats
Answer % Correct
I
98%
oh,
95%
you
91%
you,
91%
You
91%
you)
91%
be
89%
be?
89%
know
89%
me
88%
me?
88%
Me
88%
Me,
88%
to
88%
a
86%
I'm
86%
it
84%
it?
84%
must
84%
hauntin'
82%
mmm
82%
on
82%
the
82%
The
82%
do
80%
do,
80%
if
80%
What
80%
what
80%
my
79%
My
79%
It's
77%
it's
77%
where
75%
go,
71%
in
71%
onto
66%
Onto
66%
(Onto
66%
see
66%
sheets
66%
We
66%
we
66%
is
64%
haunted
61%
ghost
59%
Ghost
59%
wicked
59%
for
57%
well
57%
we'll
57%
will
57%
all
55%
All
55%
so,
55%
When
55%
And
52%
and
52%
I've
52%
tongue,
52%
been
50%
alive
48%
alive,
48%
just
48%
off
48%
"How
46%
how
46%
Kiss,
46%
stay
46%
this,
46%
workin'
46%
hear
45%
no
45%
up
45%
up,
45%
can't
43%
come?"
43%
come?
43%
down
43%
or
43%
shit
43%
bite,
41%
knowledge
41%
driftin'
39%
Slap
39%
these
39%
want
39%
borin'
38%
borin',
38%
goes
38%
lungs,
38%
make
38%
nine-to-five
38%
people
38%
won't
38%
around
36%
Around
36%
could
36%
hallway
36%
like
36%
money
36%
not
36%
women
36%
at
34%
catwalks,
34%
don't
34%
doorway
34%
man,
34%
planet
34%
but
32%
gettin'
32%
now
32%
sing
32%
wonder,
32%
Catcalls
30%
help
27%
labels
27%
labels,
27%
Perfection
27%
Probably
27%
record
27%
Solomon
27%
Soul
27%
took
27%
walk
27%
bedroom's
25%
'cause
25%
mind
25%
sale
25%
trust
25%
beaches
23%
flight
23%
midnight
23%
runway
23%
Salamander
23%
eyes
21%
find
21%
foreplay
21%
forest
21%
Reap
21%
torn
21%
climbin'
20%
edge,
20%
pinned
20%
sow
20%
walls
20%
gut,
18%
lookin'
18%
preach
18%
solemn
18%
Spoon-fed
18%
ignore
16%
pluralized
14%
psalm
9%
No matching quizzes found
Score Distribution
Percent of People with Each Score
Percentile by Number Answered
Your Score History
You have not taken this quiz